<?xml version="1.0" encoding="UTF-8"?>
<record
    xmlns:xsi="http://www.w3.org/2001/XMLSchema-instance"
    xsi:schemaLocation="http://www.loc.gov/MARC21/slim http://www.loc.gov/standards/marcxml/schema/MARC21slim.xsd"
    xmlns="http://www.loc.gov/MARC21/slim">

  <leader>02095ncm1a2200373 i 4500</leader>
  <controlfield tag="001">RU\NLR\ONIZ\224041</controlfield>
  <controlfield tag="005">20241221123003.0</controlfield>
  <datafield tag="035" ind1=" " ind2=" ">
    <subfield code="a">RU\NLR\ONIZ\NATA\5000016331\20180906153748</subfield>
  </datafield>
  <datafield tag="035" ind1=" " ind2=" ">
    <subfield code="a">(NLR Aleph) 011806874</subfield>
  </datafield>
  <datafield tag="090" ind1=" " ind2=" ">
    <subfield code="a">11896913</subfield>
    <subfield code="c">11896913</subfield>
  </datafield>
  <datafield tag="100" ind1=" " ind2=" ">
    <subfield code="a">20180906d1969    |||y0rusy50      ca</subfield>
  </datafield>
  <datafield tag="101" ind1="0" ind2=" ">
    <subfield code="a">rus</subfield>
  </datafield>
  <datafield tag="102" ind1=" " ind2=" ">
    <subfield code="a">RU</subfield>
  </datafield>
  <datafield tag="125" ind1=" " ind2=" ">
    <subfield code="a">zx</subfield>
  </datafield>
  <datafield tag="128" ind1=" " ind2=" ">
    <subfield code="a">wz </subfield>
  </datafield>
  <datafield tag="145" ind1="0" ind2=" ">
    <subfield code="a">b</subfield>
  </datafield>
  <datafield tag="200" ind1="1" ind2=" ">
    <subfield code="a">&#x410;&#x43B;&#x44C;&#x431;&#x43E;&#x43C; &#x43A;&#x43B;&#x430;&#x441;&#x441;&#x438;&#x447;&#x435;&#x441;&#x43A;&#x43E;&#x433;&#x43E; &#x432;&#x430;&#x43B;&#x44C;&#x441;&#x430;</subfield>
    <subfield code="b">&#x41D;&#x43E;&#x442;&#x44B;</subfield>
    <subfield code="e">&#x434;&#x43B;&#x44F; &#x444;&#x43E;&#x440;&#x442;&#x435;&#x43F;&#x438;&#x430;&#x43D;&#x43E;</subfield>
    <subfield code="e">[&#x432; 4 &#x442;.]</subfield>
    <subfield code="f">&#x441;&#x43E;&#x441;&#x442;. &#x438; &#x440;&#x435;&#x434;. &#x41A;. &#x421;. &#x421;&#x43E;&#x440;&#x43E;&#x43A;&#x438;&#x43D;&#x430;</subfield>
  </datafield>
  <datafield tag="210" ind1=" " ind2=" ">
    <subfield code="a">&#x41C;&#x43E;&#x441;&#x43A;&#x432;&#x430;</subfield>
    <subfield code="c">&#x421;&#x43E;&#x432;&#x435;&#x442;&#x441;&#x43A;&#x438;&#x439; &#x43A;&#x43E;&#x43C;&#x43F;&#x43E;&#x437;&#x438;&#x442;&#x43E;&#x440;</subfield>
    <subfield code="d">1969</subfield>
  </datafield>
  <datafield tag="215" ind1=" " ind2=" ">
    <subfield code="d">30 &#x441;&#x43C;</subfield>
  </datafield>
  <datafield tag="225" ind1="1" ind2=" ">
    <subfield code="a">&#x411;&#x438;&#x431;&#x43B;&#x438;&#x43E;&#x442;&#x435;&#x43A;&#x430; &#x43F;&#x438;&#x430;&#x43D;&#x438;&#x441;&#x442;&#x430;-&#x43B;&#x44E;&#x431;&#x438;&#x442;&#x435;&#x43B;&#x44F;</subfield>
  </datafield>
  <datafield tag="313" ind1=" " ind2=" ">
    <subfield code="a">&#x421;&#x438;&#x441;&#x442;&#x435;&#x43C;&#x430;&#x442;&#x438;&#x437;&#x430;&#x446;&#x438;&#x44F; &#x434;&#x43E;&#x43A;&#x443;&#x43C;&#x435;&#x43D;&#x442;&#x430; &#x43F;&#x440;&#x43E;&#x432;&#x435;&#x434;&#x435;&#x43D;&#x430; &#x43F;&#x43E; &#x438;&#x437;&#x434;&#x430;&#x43D;&#x438;&#x44E; - &#x41C;&#x435;&#x442;&#x43E;&#x434;&#x438;&#x43A;&#x430; &#x43A;&#x43B;&#x430;&#x441;&#x441;&#x438;&#x444;&#x438;&#x446;&#x438;&#x440;&#x43E;&#x432;&#x430;&#x43D;&#x438;&#x44F; &#x43C;&#x443;&#x437;&#x44B;&#x43A;&#x430;&#x43B;&#x44C;&#x43D;&#x44B;&#x445; &#x43F;&#x440;&#x43E;&#x438;&#x437;&#x432;&#x435;&#x434;&#x435;&#x43D;&#x438;&#x439; (&#x43D;&#x43E;&#x442;&#x43D;&#x44B;&#x445; &#x438;&#x437;&#x434;&#x430;&#x43D;&#x438;&#x439;) &#x43F;&#x43E; &#x442;&#x430;&#x431;&#x43B;&#x438;&#x446;&#x430;&#x43C; &#x411;&#x438;&#x431;&#x43B;&#x438;&#x43E;&#x442;&#x435;&#x447;&#x43D;&#x43E;-&#x431;&#x438;&#x431;&#x43B;&#x438;&#x43E;&#x433;&#x440;&#x430;&#x444;&#x438;&#x447;&#x435;&#x441;&#x43A;&#x438;&#x445; &#x43A;&#x43B;&#x430;&#x441;&#x441;&#x438;&#x444;&#x438;&#x43A;&#x430;&#x446;&#x438;&#x439; : &#x43C;&#x435;&#x442;&#x43E;&#x434;. &#x440;&#x435;&#x43A;&#x43E;&#x43C;&#x435;&#x43D;&#x434;&#x430;&#x446;&#x438;&#x438; / &#x413;&#x43E;&#x441;. &#x431;-&#x43A;&#x430; &#x421;&#x421;&#x421;&#x420; &#x438;&#x43C;. &#x412;.&#x418;. &#x41B;&#x435;&#x43D;&#x438;&#x43D;&#x430;.- &#x41C;., 1977. &#x418;&#x43D;&#x434;&#x435;&#x43A;&#x441;&#x443; &#x411;&#x411;&#x41A; &#x43C;&#x435;&#x442;&#x43E;&#x434;&#x438;&#x447;&#x435;&#x441;&#x43A;&#x438;&#x445; &#x440;&#x435;&#x43A;&#x43E;&#x43C;&#x435;&#x43D;&#x434;&#x430;&#x446;&#x438;&#x439; &#x43F;&#x440;&#x438;&#x441;&#x432;&#x430;&#x438;&#x432;&#x430;&#x435;&#x442;&#x441;&#x44F; &#x43A;&#x43E;&#x434; &#x411;&#x411;&#x41A; &#x434;&#x43B;&#x44F; &#x43D;&#x430;&#x443;&#x447;&#x43D;&#x44B;&#x445; &#x431;&#x438;&#x431;&#x43B;&#x438;&#x43E;&#x442;&#x435;&#x43A; - LBC/SL</subfield>
  </datafield>
  <datafield tag="606" ind1="1" ind2=" ">
    <subfield code="a">&#x422;&#x430;&#x43D;&#x446;&#x435;&#x432;&#x430;&#x43B;&#x44C;&#x43D;&#x430;&#x44F; &#x43C;&#x443;&#x437;&#x44B;&#x43A;&#x430; &#x434;&#x43B;&#x44F; &#x444;&#x43E;&#x440;&#x442;&#x435;&#x440;&#x43F;&#x438;&#x430;&#x43D;&#x43E;</subfield>
    <subfield code="y">&#x415;&#x432;&#x440;&#x43E;&#x43F;&#x430;</subfield>
    <subfield code="2">nlr_sh</subfield>
  </datafield>
  <datafield tag="606" ind1="1" ind2=" ">
    <subfield code="a">&#x412;&#x430;&#x43B;&#x44C;&#x441;&#x44B; &#x434;&#x43B;&#x44F; &#x444;&#x43E;&#x440;&#x442;&#x435;&#x43F;&#x438;&#x430;&#x43D;&#x43E;</subfield>
    <subfield code="y">&#x415;&#x432;&#x440;&#x43E;&#x43F;&#x430;</subfield>
    <subfield code="z">18-20 &#x432;&#x432;.</subfield>
    <subfield code="2">nlr_sh</subfield>
  </datafield>
  <datafield tag="608" ind1=" " ind2=" ">
    <subfield code="a">&#x412;&#x430;&#x43B;&#x44C;&#x441; (&#x444;&#x43E;&#x440;&#x442;&#x435;&#x43F;&#x438;&#x430;&#x43D;&#x43E;)</subfield>
    <subfield code="x">&#x41D;&#x43E;&#x442;&#x44B;</subfield>
    <subfield code="y">&#x415;&#x432;&#x440;&#x43E;&#x43F;&#x430;</subfield>
    <subfield code="z">18-20 &#x432;&#x432;.</subfield>
    <subfield code="2">nlr_sh</subfield>
  </datafield>
  <datafield tag="686" ind1=" " ind2=" ">
    <subfield code="a">&#x429;954.2-058.55(4)&#x44F;43</subfield>
    <subfield code="v">LBC/SL</subfield>
    <subfield code="2">rubbk</subfield>
  </datafield>
  <datafield tag="686" ind1=" " ind2=" ">
    <subfield code="a">&#x429;954.2-09-058.55(4)&#x44F;43</subfield>
    <subfield code="v">LBC/SL</subfield>
    <subfield code="2">rubbk</subfield>
  </datafield>
  <datafield tag="702" ind1=" " ind2="1">
    <subfield code="9">z01790</subfield>
    <subfield code="a">&#x421;&#x43E;&#x440;&#x43E;&#x43A;&#x438;&#x43D;</subfield>
    <subfield code="b">&#x41A;. &#x421;.</subfield>
    <subfield code="f">1909-1998</subfield>
    <subfield code="g">&#x41A;&#x43E;&#x43D;&#x441;&#x442;&#x430;&#x43D;&#x442;&#x438;&#x43D; &#x421;&#x442;&#x435;&#x43F;&#x430;&#x43D;&#x43E;&#x432;&#x438;&#x447;</subfield>
    <subfield code="4">340</subfield>
    <subfield code="7">ca</subfield>
  </datafield>
  <datafield tag="790" ind1=" " ind2="1">
    <subfield code="9">z01702</subfield>
    <subfield code="a">Sorokin</subfield>
    <subfield code="b">K. S.</subfield>
    <subfield code="f">1909-1998</subfield>
    <subfield code="g">Konstantin Stepanovi&#x10D;</subfield>
    <subfield code="4">340</subfield>
    <subfield code="7">ba</subfield>
  </datafield>
  <datafield tag="801" ind1=" " ind2="0">
    <subfield code="a">RU</subfield>
    <subfield code="b">NLR</subfield>
    <subfield code="c">20180906</subfield>
    <subfield code="g">PSBO</subfield>
  </datafield>
  <datafield tag="801" ind1=" " ind2="1">
    <subfield code="a">RU</subfield>
    <subfield code="b">NLR</subfield>
    <subfield code="c">20180906</subfield>
    <subfield code="2">rusmarc</subfield>
  </datafield>
  <datafield tag="801" ind1=" " ind2="2">
    <subfield code="a">RU</subfield>
    <subfield code="b">NLR</subfield>
    <subfield code="c">20190522</subfield>
  </datafield>
  <datafield tag="942" ind1=" " ind2=" ">
    <subfield code="c">SCORE</subfield>
  </datafield>
  <datafield tag="980" ind1=" " ind2=" ">
    <subfield code="a">ONIZ</subfield>
  </datafield>
</record>
